| 000 | 00666nam a2200229 i 4500 | ||
|---|---|---|---|
| 003 | DO-SdBNP | ||
| 005 | 20250307101748.0 | ||
| 007 | ta | ||
| 008 | 240708s1998 dr 001 0 spa d | ||
| 040 |
_aDO-SdBNP _bspa _cBNPHU _erda |
||
| 082 |
_bR426L _222 |
||
| 110 |
_aRepública Dominicana. _b[Leyes, etc.] _911088 |
||
| 245 | 1 | 0 |
_aLey No. 302 : _bhonorarios de abogados |
| 264 | 1 |
_aSanto Domingo : _bEditora no identificada, _c1998 |
|
| 300 |
_a55 páginas, _c23 cm. |
||
| 336 |
_2rdacontent _atexto _btxt |
||
| 337 |
_2rdamedia _asin mediación _bn |
||
| 338 |
_2rdacarrier _avolumen _bnc |
||
| 590 | _aInventariado, 2024/ DG | ||
| 910 | _aDG | ||
| 942 |
_2ddc _cLF2 |
||
| 999 |
_c57200 _d57200 |
||